000 01969cam a2200421 a 4500
001 15845304
003 OSt
005 20150408114109.0
008 090731s2010 nyua 001 0 eng
010 _a 2009030252
020 _a9780071625128 (pbk.)
020 _a0071625127
035 _a(OCoLC)ocn428926458
040 _aDLC
_cDLC
_dYDX
_dYDXCP
_dQBX
_dDEBBG
_dDLC
050 0 0 _aQD257
_b.M44 2010
082 0 0 _a547.0076
_222
_bSCO
084 _aVK 5200
_2rvk
245 0 0 _aSchaum's outlines :
_borganic chemistry /
_cHerbert Meislich ... [et al.].
246 3 0 _aOrganic chemistry
250 _a4th ed.
260 _aNew York :
_bMcGraw-Hill,
_cc2010.
300 _aix, 469 p. :
_bill. ;
_c28 cm.
490 0 _aSchaum's outline series
500 _aRev. ed. of: Schaum's outline of theory and problems of organic chemistry. 3rd ed. c1999.
500 _aIncludes index.
650 0 _aChemistry, Organic
_vProblems, exercises, etc.
_919191
650 0 _aChemistry, Organic
_vOutlines, syllabi, etc.
_919266
655 7 _aAufgabensammlung.
_2swd
_914462
700 1 _aMeislich, Herbert.
_919267
730 0 _aSchaum's outline of theory and problems of organic chemistry.
_919268
856 4 2 _3Contributor biographical information
_uhttp://catdir.loc.gov/catdir/enhancements/fy0917/2009030252-b.html
856 4 2 _3Publisher description
_uhttp://catdir.loc.gov/catdir/enhancements/fy0917/2009030252-d.html
856 4 1 _3Table of contents only
_uhttp://catdir.loc.gov/catdir/enhancements/fy0917/2009030252-t.html
856 4 1 _3Table of contents
_uhttp://bvbr.bib-bvb.de:8991/F?func=service&doc_library=BVB01&doc_number=018644714&line_number=0001&func_code=DB_RECORDS&service_type=MEDIA
906 _a7
_bcbc
_corignew
_d1
_eecip
_f20
_gy-gencatlg
942 _2ddc
_cDVD
999 _c26723
_d261223